| 000 | 00673nam a2200229Ia 4500 | ||
|---|---|---|---|
| 001 | 9783 | ||
| 003 | GE_BSU | ||
| 008 | 181216s||||||||xx |||||||||||||| ||und|| | ||
| 040 | _cGE_BSU | ||
| 080 | _a821.353.1–1 | ||
| 100 | _aმჭედლური,დავით | ||
| 245 | _aპირმზითი | ||
| 245 | _bლექსები | ||
| 245 | _cრედ.მ.ქოიავა.მხატვ.ო.ჯიშკარიანი | ||
| 260 | _aთბილისი | ||
| 260 | _bმერანი | ||
| 260 | _c1975 | ||
| 300 | _a60გვ.ფოტო.17სმ. | ||
| 653 | _aლექსები | ||
| 653 | _aპირმზითი | ||
| 942 | _cBK | ||
| 999 |
_c43063 _d43063 |
||